01422nam a22003617a 4500003000500000005001700005008004100022010001000063011001000073035001000083040000900093090001000102100004200112245007000154260003700224300002000261502009900281590003700380590004100417590004100458590004100499590004200540650002400582650002400606700003800630901000700668942000900675949004300684949005500727999001700782952013300799952012800932CHAP20220329141029.0971013s1996 r 00010 d a61535 a62507 a66681 cCHAP aTesis00aRamírez Gonzales, Francisco.994024 aSistemas neumáticos y su enfoque a un dosificador de líquidos aChapingo, Méx. El autor,c1996 a173 h.b: ilus. aTesis (Ing. Mecánico Agrícola) -- UACH. Departamento de Ingeniería Mecánica Agrícola aALEPHb10c20130110lUCH01h1343 aBATCH-UPDb10c20130110lUCH01h0602 aBATCH-UPDb10c20130410lUCH01h0243 aBATCH-UPDb10c20130914lUCH01h1219 aCONVERSIONb10c20130109lUCH01h133314aDosificador.93404014aNeumática.9809400 aRamírez Tinoco, Roberto.994299 aBK cFOLL bBCcTESd-151904eTS1h30596i66681si bBCcTESd33724000624805eTS2fc.2h30597i66681si c61535d61535 00102local4053708TESISaBCbBCcPA_TESISd2019-12-31fTESISl0p33724000624805r2019-12-31 00:00:00tc.2w2019-12-31yTESIS 00102local4051708TESISaBCbBCcPA_TESISd2019-12-31fTESISl0oTesisp-151904r2019-12-31 00:00:00w2019-12-31yTESIS